000 00276nam a22001097a 4500
008 170118b xxu||||| |||| 00| 0 eng d
020 _a9781622541430
041 _aeng
080 _a618.2
245 _aICD-9-CM PROFESSIONAL FOR HOSPITALS-VOLUMES 1,2 % 3
_cICD
942 _2udc
_cBK
999 _c3040
_d3040